00837nam a22002537a 450000500170000001000130001702000230003003500130005303700160006604000120008208200130009410000200010724500590012726000420018627000550022830000260028350000190030965000280032865000290035665000280038594200220041399900190043595201290045420170124105911.0 aA-351112 c150.00a8170440815 aA-351112 bCen Lib/Ret aDPLbEN a020bGUP aGupta, B. L.99 aKnowledge communication and library /cby B. L. Gupta aRajasthanbPrintwell Publishersc1987 aS-12, Shopping Complex,Tilak NagarbJaipure302004 aviii,178p. c20cm(Hb) aIncludes index aLibrary Science9107310 aKnowledge Management911 aLibrary Science9107311 2ddccENh020mGUP c122517d122517 001040718REFaLbLd2015-05-27eCen Lib/Retg150.00l0o020 GUPpA-351112r2015-05-27 00:00:00t1v150.00w2015-05-27yEN